Պատմութիւն Մեծին Աղեքսանդրի Մակեդոնացւոյ / (Record no. 540423)
[ view plain ]
| 000 -LEADER | |
|---|---|
| fixed length control field | 02242nam a2200361 a 4500 |
| 001 - CONTROL NUMBER | |
| control field | 2040297 |
| 003 - CONTROL NUMBER IDENTIFIER | |
| control field | AM-YEHGA |
| 005 - DATE AND TIME OF LATEST TRANSACTION | |
| control field | 20260408122148.0 |
| 008 - FIXED-LENGTH DATA ELEMENTS--GENERAL INFORMATION | |
| fixed length control field | 251114s2025 ai a|||gr|||||00||0barm|d |
| 020 ## - INTERNATIONAL STANDARD BOOK NUMBER | |
| International Standard Book Number | 978-9939-897-45-5 |
| 040 ## - CATALOGING SOURCE | |
| Original cataloging agency | AM-YEHGA |
| 041 0# - LANGUAGE CODE | |
| Language code of text/sound track or separate title | arm |
| Language code of summary or abstract | eng |
| 245 00 - TITLE STATEMENT | |
| Title | Պատմութիւն Մեծին Աղեքսանդրի Մակեդոնացւոյ / |
| Statement of responsibility, etc. | Բնագիրը հրատարակության պատրաստեցին, ծանոթագրեցին և առաջաբանը գրեցին Գոհար Մուրադյանը և Արամ Թոփչյանը ; Մատենադարան Մեսրոպ Մաշտոցի անվան հին ձեռագրերի ինստիտուտ․ |
| 246 03 - VARYING FORM OF TITLE | |
| Title proper/short title | Պատմություն Մեծին Ալեքսանդրի Մակեդոնացու |
| 246 05 - VARYING FORM OF TITLE | |
| Title proper/short title | History of Alexander the Great of Macedon |
| 246 05 - VARYING FORM OF TITLE | |
| Title proper/short title | Ιστορία του Μεγάλου Αλεξάνδρου του Μακεδόνος |
| 260 ## - PUBLICATION, DISTRIBUTION, ETC. | |
| Place of publication, distribution, etc. | Երևան ։ |
| Name of publisher, distributor, etc. | «Մատենադարան» հրատ․, |
| Manufacturer | Զանգակ, |
| Date of publication, distribution, etc. | 2025․ |
| 300 ## - PHYSICAL DESCRIPTION | |
| Extent | 368 էջ ։ |
| Other physical details | 24 էջ ներդիր նկ․ ; |
| Dimensions | 25 սմ․ |
| 490 0# - SERIES STATEMENT | |
| Series statement | Հայ միջնադարյան թարգմանական գրականություն |
| 504 ## - BIBLIOGRAPHY, ETC. NOTE | |
| Bibliography, etc. note | Տողատակում ծանոթագրություններ: |
| 504 ## - BIBLIOGRAPHY, ETC. NOTE | |
| Bibliography, etc. note | Հավելվածներ՝ էջ 346-349։ |
| 504 ## - BIBLIOGRAPHY, ETC. NOTE | |
| Bibliography, etc. note | Բառացանկեր՝ էջ 350-357։ |
| 504 ## - BIBLIOGRAPHY, ETC. NOTE | |
| Bibliography, etc. note | Գրականություն՝ էջ 360-366։ |
| 546 ## - LANGUAGE NOTE | |
| Language note | Ամփոփումը հայերեն և անգլերեն |
| 600 04 - SUBJECT ADDED ENTRY--PERSONAL NAME | |
| Personal name | Ալեքսանդր Մակեդոնացի, |
| Dates associated with a name | մ.թ.ա. 356–323 |
| 9 (RLIN) | 6110 |
| 650 14 - SUBJECT ADDED ENTRY--TOPICAL TERM | |
| Topical term or geographic name entry element | Հին Հունաստանի պատմություն |
| 9 (RLIN) | 4640 |
| 650 14 - SUBJECT ADDED ENTRY--TOPICAL TERM | |
| Topical term or geographic name entry element | Պատմագրություն |
| General subdivision | Հին Հունաստան |
| 650 14 - SUBJECT ADDED ENTRY--TOPICAL TERM | |
| Topical term or geographic name entry element | Պատմագիտություն, աղբյուրագիտություն |
| 700 1# - ADDED ENTRY--PERSONAL NAME | |
| Personal name | Մուրադյան, Գոհար Սարգսի, |
| Dates associated with a name | 1957- |
| Relator term | կազմ․ |
| Relationship | com |
| Relator term | ծանոթագր․ |
| Relationship | ann |
| Relator term | առաջաբ․ հեղ․ |
| Relationship | aui |
| 9 (RLIN) | 8743 |
| 700 1# - ADDED ENTRY--PERSONAL NAME | |
| Personal name | Թոփչյան, Արամ Ստեփանի, |
| Dates associated with a name | 1962- |
| Relator term | com |
| -- | ann |
| -- | aui |
| Relationship | կազմ․ |
| -- | ծանոթագր․ |
| -- | առաջաբ․ հեղ․ |
| 9 (RLIN) | 3359 |
| 710 2# - ADDED ENTRY--CORPORATE NAME | |
| Corporate name or jurisdiction name as entry element | Մատենադարան Մաշտոցի անվան հին ձեռագրերի ինստիտուտ |
| 9 (RLIN) | 5865 |
| 942 ## - ADDED ENTRY ELEMENTS (KOHA) | |
| Source of classification or shelving scheme | Universal Decimal Classification |
| Koha item type | Գրքեր / Books |
| Withdrawn status | Lost status | Source of classification or shelving scheme | Damaged status | Not for loan | Collection | Home library | Current library | Date acquired | Total checkouts | Full call number | Barcode | Date last seen | Price effective from | Koha item type | Public note |
|---|---|---|---|---|---|---|---|---|---|---|---|---|---|---|---|
| Universal Decimal Classification | General | Fundamental Scientific Library | Fundamental Scientific Library | 18/12/2025 | AII/113921 | FL0701841 | 18/12/2025 | 18/12/2025 | Գրքեր / Books | 30 Days Loan | |||||
| Universal Decimal Classification | General | Fundamental Scientific Library | Fundamental Scientific Library | 18/12/2025 | AII/113922 | FL0701842 | 18/12/2025 | 18/12/2025 | Գրքեր / Books | 30 Days Loan | |||||
| Universal Decimal Classification | General | Fundamental Scientific Library | Fundamental Scientific Library | 18/12/2025 | AII/113923 | FL0701843 | 18/12/2025 | 18/12/2025 | Գրքեր / Books | 30 Days Loan | |||||
| Universal Decimal Classification | General | Fundamental Scientific Library | Fundamental Scientific Library | 22/01/2026 | AII/114213 | FL0701257 | 22/01/2026 | 22/01/2026 | Գրքեր / Books | 30 Days Loan | |||||
| Universal Decimal Classification | General | Fundamental Scientific Library | Fundamental Scientific Library | 22/01/2026 | AII/114214 | FL0701258 | 22/01/2026 | 22/01/2026 | Գրքեր / Books | 30 Days Loan |
ՀՀ Գիտությունների ազգային ակադեմիայի հիմնարար գիտական գրադարան = Fundamental Scientific Library of NAS RA
All site content, except where otherwise noted, is licensed under a